[Event "La Pobla de Lillet op A"]
[Site "La Pobla de Lillet ESP"]
[Date "2015.08.09"]
[Round "9.1"]
[White "Lorenzo de la Riva, L."]
[Black "Mellado Triviño, J."]
[Result "1/2-1/2"]
[WhiteElo "2372"]
[BlackElo "2442"]
[PlyCount "22"]
[EventDate "2015.08.01"]
[EventType "swiss"]
[EventRounds "9"]
[EventCountry "ESP"]
[SourceTitle "Ajedrez en Madrid"]
[Source "lmi"]
[SourceDate "2020.06.24"]
[SourceVersion "1"]
[SourceVersionDate "2020.06.24"]
[SourceQuality "1"]

1. e4 e5 2. Nf3 Nf6 3. Nxe5 d6 4. Nf3 Nxe4 5. Qe2 Qe7 6. d3 Nf6 7. Bg5 Nbd7 8.
Qxe7+ Bxe7 9. Be2 h6 10. Bh4 Nb6 11. Nc3 Bd7 1/2-1/2

[Event "La Pobla de Lillet op A"]
[Site "La Pobla de Lillet ESP"]
[Date "2015.08.09"]
[Round "9.2"]
[White "Muñoz Pantoja, M."]
[Black "Capellades Subirana, M."]
[Result "1-0"]
[WhiteElo "2434"]
[BlackElo "2199"]
[PlyCount "75"]
[EventDate "2015.08.01"]
[EventType "swiss"]
[EventRounds "9"]
[EventCountry "ESP"]
[SourceTitle "Ajedrez en Madrid"]
[Source "lmi"]
[SourceDate "2020.06.24"]
[SourceVersion "1"]
[SourceVersionDate "2020.06.24"]
[SourceQuality "1"]

1. e4 e5 2. Nf3 Nc6 3. Bc4 Bc5 4. b4 Bxb4 5. c3 Bd6 6. d4 Qf6 7. Ng5 exd4 8.
Nxf7 Ne5 9. Nxd6+ Qxd6 10. Bxg8 Rxg8 11. O-O dxc3 12. Qxd6 cxd6 13. Nxc3 Nf7
14. Nb5 Kd8 15. Be3 Re8 16. Rfc1 Re5 17. Nxa7 b5 18. f4 Rh5 19. a4 bxa4 20.
Rxa4 Bb7 21. Rb1 Rxa7 22. Bxa7 Bc6 23. Rd4 Ke7 24. Bb8 Rb5 25. Rxb5 Bxb5 26.
Kf2 Bc6 27. Ke3 Ke6 28. g4 Ke7 29. f5 Bb5 30. Bc7 Bf1 31. Ba5 Ne5 32. Bb4 Nxg4+
33. Kf4 Nf6 34. Rxd6 Ke8 35. Rb6 g5+ 36. fxg6 Nh5+ 37. Kg5 hxg6 38. Rb8+ 1-0

[Event "La Pobla de Lillet op A"]
[Site "La Pobla de Lillet ESP"]
[Date "2015.08.09"]
[Round "9.3"]
[White "Movsziszian, K."]
[Black "Prats Rodriguez, JB."]
[Result "1-0"]
[WhiteElo "2457"]
[BlackElo "1994"]
[PlyCount "65"]
[EventDate "2015.08.01"]
[EventType "swiss"]
[EventRounds "9"]
[EventCountry "ESP"]
[SourceTitle "Ajedrez en Madrid"]
[Source "lmi"]
[SourceDate "2020.06.24"]
[SourceVersion "1"]
[SourceVersionDate "2020.06.24"]
[SourceQuality "1"]

1. g3 c5 2. Bg2 g6 3. d3 Bg7 4. f4 Nc6 5. Nf3 d6 6. O-O Nf6 7. Nc3 O-O 8. e4
Nd4 9. h3 e6 10. Be3 Nd7 11. Qd2 Rb8 12. Nd1 b5 13. Nh4 Bb7 14. c3 Nc6 15. Nf2
a5 16. Nf3 b4 17. g4 d5 18. exd5 exd5 19. f5 d4 20. cxd4 Nxd4 21. Nxd4 Bxg2 22.
Kxg2 Bxd4 23. Bxd4 cxd4 24. Qf4 Nc5 25. Rac1 Qd5+ 26. Kg1 b3 27. axb3 Rxb3 28.
Rxc5 Qxc5 29. Ne4 Qb5 30. Qh6 f6 31. fxg6 hxg6 32. Qxg6+ Kh8 33. Qh6+ 1-0

[Event "La Pobla de Lillet op A"]
[Site "La Pobla de Lillet ESP"]
[Date "2015.08.09"]
[Round "9.4"]
[White "De la Riva Aguado, J."]
[Black "Cervello Tost, F."]
[Result "1/2-1/2"]
[WhiteElo "2221"]
[BlackElo "2303"]
[PlyCount "22"]
[EventDate "2015.08.01"]
[EventType "swiss"]
[EventRounds "9"]
[EventCountry "ESP"]
[SourceTitle "Ajedrez en Madrid"]
[Source "lmi"]
[SourceDate "2020.06.24"]
[SourceVersion "1"]
[SourceVersionDate "2020.06.24"]
[SourceQuality "1"]

1. d4 Nf6 2. Nf3 e6 3. e3 c5 4. Bd3 b6 5. O-O Bb7 6. Nbd2 d5 7. b3 Be7 8. Bb2
Nbd7 9. Ne5 Rc8 10. f4 g6 11. Qf3 Qc7 1/2-1/2

[Event "La Pobla de Lillet op A"]
[Site "La Pobla de Lillet ESP"]
[Date "2015.08.09"]
[Round "9.5"]
[White "Menac Comas, JR."]
[Black "Gomez Jurado, LA."]
[Result "0-1"]
[WhiteElo "2115"]
[BlackElo "2267"]
[PlyCount "56"]
[EventDate "2015.08.01"]
[EventType "swiss"]
[EventRounds "9"]
[EventCountry "ESP"]
[SourceTitle "Ajedrez en Madrid"]
[Source "lmi"]
[SourceDate "2020.06.24"]
[SourceVersion "1"]
[SourceVersionDate "2020.06.24"]
[SourceQuality "1"]

1. e4 c6 2. d4 d5 3. Nc3 dxe4 4. Nxe4 Nd7 5. Ng5 e6 6. Bd3 Ndf6 7. N1f3 Bd6 8.
Qe2 Ne7 9. Bd2 Ned5 10. Ne5 O-O 11. O-O-O Qc7 12. g4 c5 13. h4 cxd4 14. Ngxf7
Rxf7 15. Nxf7 Qxf7 16. g5 Nh5 17. Qe4 g6 18. Qxd4 e5 19. Qa4 Nb6 20. Qa5 Be6
21. Be3 Nd5 22. Be4 Nxe3 23. fxe3 Bc7 24. Qe1 Bb6 25. Rf1 Qe7 26. Bd5 Bxd5 27.
Rxd5 Qe6 28. Qd2 Bxe3 0-1

[Event "La Pobla de Lillet op A"]
[Site "La Pobla de Lillet ESP"]
[Date "2015.08.09"]
[Round "9.7"]
[White "Povill Claros, X."]
[Black "Torrents Señal, M."]
[Result "1-0"]
[WhiteElo "2200"]
[BlackElo "1824"]
[PlyCount "67"]
[EventDate "2015.08.01"]
[EventType "swiss"]
[EventRounds "9"]
[EventCountry "ESP"]
[SourceTitle "Ajedrez en Madrid"]
[Source "lmi"]
[SourceDate "2020.06.24"]
[SourceVersion "1"]
[SourceVersionDate "2020.06.24"]
[SourceQuality "1"]

1. d4 Nf6 2. c4 e6 3. Nc3 Bb4 4. e3 c5 5. Nge2 O-O 6. a3 Bxc3+ 7. Nxc3 cxd4 8.
exd4 d5 9. Bg5 Nc6 10. cxd5 exd5 11. Be2 h6 12. Bh4 a6 13. O-O g5 14. Bg3 Ne7
15. f3 Nf5 16. Bf2 Re8 17. Qd2 Qd6 18. Bd3 Kg7 19. Rae1 Be6 20. Re5 Ne7 21. Bg3
Qd7 22. Rxg5+ hxg5 23. Qxg5+ Ng6 24. Be5 Qd8 25. f4 Rc8 26. f5 Bxf5 27. Rxf5
Rxe5 28. dxe5 Nd7 29. Rxf7+ Kxf7 30. Qxg6+ Kf8 31. e6 Ne5 32. Qf5+ Ke7 33. Qxe5
Qb6+ 34. Kh1 1-0

[Event "La Pobla de Lillet op A"]
[Site "La Pobla de Lillet ESP"]
[Date "2015.08.09"]
[Round "9.8"]
[White "Travesset Ribera, D."]
[Black "Perez Garcia, A."]
[Result "1-0"]
[WhiteElo "2149"]
[BlackElo "1644"]
[PlyCount "35"]
[EventDate "2015.08.01"]
[EventType "swiss"]
[EventRounds "9"]
[EventCountry "ESP"]
[SourceTitle "Ajedrez en Madrid"]
[Source "lmi"]
[SourceDate "2020.06.24"]
[SourceVersion "1"]
[SourceVersionDate "2020.06.24"]
[SourceQuality "1"]

1. Nf3 d5 2. d4 Nf6 3. c4 c6 4. g3 dxc4 5. Bg2 Nbd7 6. O-O e6 7. Qc2 b5 8. b3
Nb6 9. Ne5 Bb7 10. bxc4 bxc4 11. Nd2 Qxd4 12. Bb2 Qc5 13. Ndxc4 Nxc4 14. Nxc4
Ba6 15. Rac1 Rc8 16. Qd3 Be7 17. Bd4 Qd6 18. Nxd6+ 1-0

[Event "La Pobla de Lillet op A"]
[Site "La Pobla de Lillet ESP"]
[Date "2015.08.09"]
[Round "9.9"]
[White "Viñals Rioja, J."]
[Black "Corrigüelas Armillas, F."]
[Result "1/2-1/2"]
[WhiteElo "2018"]
[BlackElo "1994"]
[PlyCount "32"]
[EventDate "2015.08.01"]
[EventType "swiss"]
[EventRounds "9"]
[EventCountry "ESP"]
[SourceTitle "Ajedrez en Madrid"]
[Source "lmi"]
[SourceDate "2020.06.24"]
[SourceVersion "1"]
[SourceVersionDate "2020.06.24"]
[SourceQuality "1"]

1. Nf3 Nf6 2. g3 b6 3. Bg2 Bb7 4. d3 d5 5. Nbd2 Nbd7 6. b3 e5 7. Bb2 Bd6 8. e3
O-O 9. Qe2 Qe7 10. e4 dxe4 11. Nxe4 Nxe4 12. dxe4 Ba3 13. Bxa3 Qxa3 14. O-O Ba6
15. c4 Rad8 16. Rfd1 Qe7 1/2-1/2

[Event "La Pobla de Lillet op A"]
[Site "La Pobla de Lillet ESP"]
[Date "2015.08.09"]
[Round "9.10"]
[White "Segarra Calderer, A."]
[Black "Amores Gago, X."]
[Result "1-0"]
[WhiteElo "2014"]
[BlackElo "2149"]
[PlyCount "52"]
[EventDate "2015.08.01"]
[EventType "swiss"]
[EventRounds "9"]
[EventCountry "ESP"]
[SourceTitle "Ajedrez en Madrid"]
[Source "lmi"]
[SourceDate "2020.06.24"]
[SourceVersion "1"]
[SourceVersionDate "2020.06.24"]
[SourceQuality "1"]

1. c4 e5 2. Nc3 Nc6 3. g3 Bc5 4. Bg2 d6 5. Nf3 a6 6. O-O Nge7 7. d3 Bg4 8. a3
Ba7 9. e3 Qd7 10. b4 h5 11. Qc2 h4 12. Ne4 hxg3 13. fxg3 f5 14. Neg5 f4 15.
gxf4 exf4 16. c5 dxc5 17. bxc5 Qd5 18. d4 O-O-O 19. Ne5 Nxd4 20. Nxg4 Qxg5 21.
exd4 Qxg4 22. Rxf4 Qh5 23. Rb1 c6 24. Bf3 Qg5+ 25. Bg4+ Kb8 26. Qb3 Rd7 1-0

[Event "La Pobla de Lillet op A"]
[Site "La Pobla de Lillet ESP"]
[Date "2015.08.09"]
[Round "9.18"]
[White "Garcia Galeote, L."]
[Black "Meyer, K."]
[Result "1-0"]
[WhiteElo "1973"]
[BlackElo "1670"]
[PlyCount "83"]
[EventDate "2015.08.01"]
[EventType "swiss"]
[EventRounds "9"]
[EventCountry "ESP"]
[SourceTitle "Ajedrez en Madrid"]
[Source "lmi"]
[SourceDate "2020.06.24"]
[SourceVersion "1"]
[SourceVersionDate "2020.06.24"]
[SourceQuality "1"]

1. d4 d5 2. Nf3 Nf6 3. e3 Bf5 4. Be2 e6 5. O-O Bd6 6. c4 c6 7. b3 O-O 8. Ba3
Bxa3 9. Nxa3 Nbd7 10. Nh4 Qa5 11. Nc2 Be4 12. Nf3 Qc3 13. Na3 Qa5 14. Qc1 Qb4
15. Qb2 Nb6 16. Nc2 Qe7 17. Nce1 Rfe8 18. Ne5 Nbd7 19. N1f3 Nxe5 20. Nxe5 Nd7
21. Nxd7 Qxd7 22. Rac1 Qe7 23. cxd5 cxd5 24. Rc3 Rac8 25. Rfc1 Rxc3 26. Qxc3 a6
27. f3 Bg6 28. b4 h6 29. a3 e5 30. dxe5 Qxe5 31. Qxe5 Rxe5 32. Kf2 Re7 33. Rd1
Rd7 34. Bc4 Rc7 35. Bxd5 Rc2+ 36. Kg3 Rc3 37. e4 b6 38. a4 Ra3 39. Bc6 Rb3 40.
b5 axb5 41. Rd8+ Kh7 42. axb5 1-0